000 00251nam a2200097Ia 4500
008 220204s9999 xx 000 0 und d
082 _a339.32(540)
_bIND
245 0 _aEstimate for national income 1948-49 to 1961-62
260 _aCSIO
_c1963
942 _cBK
999 _c19293
_d19293